000 00772nas a2200253 4500
001 BR0104066
003 BR-BrBNA
005 20231205102415.0
007 ta
008 230509b bl.|||p| |||| 00| 00por d
040 _aBR-BrBNA
_bpor
_cBiblioteca Nacional de Agricultura
041 _a(Pt)
072 _aN20; P10
100 1 _aTestezlaf, R.
100 1 _aZanon, E.R.
100 1 _aMatsura, E.E.
245 1 _aAvaliacao da celula de carga como elemento sensor de volume em ensaios radiais de aspersores
650 _aAspersor
650 _aDistribuicao de Agua
650 _aSao Paulo
773 0 _tEngenharia Agricola (Brazil)
_xISSN 0100-6916
_g(Sep 2000), v. 20(3) p. 205-214
_wBR0104066
909 _a202311
_bLúcia
_c55
_dLúcia Elande
942 _2AGRIS
_n0
_cANA
999 _c167420
_d167420